000 00268nam a22001097a 4500
005 20251013094544.0
008 251013b |||||||| |||| 00| 0 eng d
040 _cPK-LaNCA
082 _a720.688
_bMAR
245 _aMarketing for architects and designers
942 _cBK
999 _c66968
_d66968